Taylor Swift - The Tortured Poets Department - The Anthology - Statistiken

Allgemein
  • Dieses Quiz wurde 425 mal gespielt
  • Das Durchschnittsergebnis liegt bei 23 aus 31
Antwortstatistiken
Nein Track % Korrekt
1 Fortnight
97%
2 The Tortured Poets Department
92%
5 So Long, London
87%
28 Peter
85%
22 So High School
85%
17 The Black Dog
85%
14 The Smallest Man Who Ever Lived
85%
4 Down Bad
84%
13 I Can Do It With A Broken Heart
84%
6 But Daddy I Love Him
82%
31 The Manuscript
82%
15 The Alchemy
81%
8 Florida!!!
79%
10 Who's Afraid Of Little Old Me?
79%
16 Clara Bow
77%
3 My Boy Only Breaks His Favorite Toys
77%
30 Robin
74%
27 Cassandra
73%
7 Fresh Out The Slammer
70%
9 Guilty as Sin?
70%
26 The Prophecy
70%
19 The Albatross
69%
29 The Bolter
69%
11 I Can Fix Him (No Really I Can)
66%
20 Chloe or Sam or Sophia or Marcus
62%
23 I Hate It Here
62%
21 How Did It End?
61%
12 loml
61%
24 thanK you AIMee
60%
25 I Look in People‘s Windows
59%
18 imgonnagetyouback
59%
Keine übereinstimmenden Quizze gefunden
Verteilung der Resultate
Anzahl Personen mit jedem Resultat
Perzentil nach korrekt beantworteten Fragen
Ihre Resultats-Entwicklung
Sie haben dieses Quiz noch nicht gespielt